El despertar de la sociedad civil : una perspectiva histórica /

-д хадгалсан:
Номзүйн дэлгэрэнгүй
Үндсэн зохиолч: Fernández Santillán, José (autor)
Формат: Ном
Хэл сонгох:испани
Хэвлэсэн: México : Océano, 2003, c2003
Цуврал:(Para Estar en el Mundo)
Нөхцлүүд:
Шошгууд: Шошго нэмэх
Шошго байхгүй, Энэхүү баримтыг шошголох эхний хүн болох!

MARC

LEADER 00000nam^a2200000^a^4500
001 000165204
005 20250521000000.0
009 20260310101011.318
020 |a 970-651-718-9 
037 |a Acervo ITESO - Biblioteca 
041 |a ESP 
082 |a 303. 4  |b FER 
100 |a Fernández Santillán, José  |e (autor) 
245 1 3 |a El despertar de la sociedad civil :  |b una perspectiva histórica /  |c J. Fernández Santillán. 
264 4 |a México :  |b Océano,  |c 2003, c2003 
300 |a 388 p. 
336 |a texto  |b txt  |2 rdacontenido 
337 |a sin mediación  |b n  |2 rdamedio 
338 |a volumen  |b nc  |2 rdasoporte 
440 1 |a (Para Estar en el Mundo) 
649 |a XX 
650 |a Sociedad Civil -  |x Teoría 
650 |a Sociedad Civil -  |x Historia 
650 |a Cambios Sociales y Culturales 
650 |a Individualismo 
650 |a Educación Cívica 
650 |a Participación Política 
650 |a Movimientos Sociales 
650 |a Poder (Ciencias Sociales) 
650 |a Ideología 
650 |a Evolución Social 
650 |a Historia Social 
650 |a Filosofía Política 
650 |a Sociología Política 
650 |a Sociología de la Cultura 
910 |a Fondo General 
920 |a Impresos - Libros 
930 |a Colección General 
905 |a 101 
901 |a 0500099521  |b IT1  |c ACC  |u 20250521 
901 |a 0500160135  |b IT1  |c ACC  |u 20250521 
902 |a https://opac.biblio.iteso.mx/vufind/Record/000165204